Khoa học lãnh đạo hiện đại /
Khoa học lãnh đạo hiện đại là một cuốn sách tham khảo giúp cho các nhà lãnh đạo hoặc quản lý muốn trở thành nhà lãnh đạo giỏi thì phải nghiên cứu, tìm hiểu....
Enregistré dans:
| Auteur principal: | |
|---|---|
| Autres auteurs: | |
| Format: | Livre |
| Langue: | Vietnamese |
| Publié: |
Hà Nội :
Chính trị quốc gia,
2000.
|
| Sujets: | |
| Tags: |
Ajouter un tag
Pas de tags, Soyez le premier à ajouter un tag!
|
| Thư viện lưu trữ: | Mạng thư viện Đại học Đà Nẵng |
|---|
| LEADER | 01201cam a2200373 i 4500 | ||
|---|---|---|---|
| 001 | 000042937 | ||
| 003 | 812 | ||
| 005 | 20030923160037.0 | ||
| 008 | 010217b2000 vm 000 vie | ||
| 020 | |c 33000 | ||
| 022 | |a T | ||
| 040 | |a IRC |c IRC |d IRC | ||
| 041 | 0 | |a vie | |
| 082 | 1 | 4 | |a 351.1 |b VƯ-P |
| 100 | 1 | |a Vương Lạc Phu. | |
| 245 | 0 | 0 | |a Khoa học lãnh đạo hiện đại / |c Vương Lạc Phu, Tưởng Nguyệt Thần Đồng biên soạn. |
| 260 | |a Hà Nội : |b Chính trị quốc gia, |c 2000. | ||
| 300 | |a 525tr. ; |c 19cm. | ||
| 520 | 3 | |a Khoa học lãnh đạo hiện đại là một cuốn sách tham khảo giúp cho các nhà lãnh đạo hoặc quản lý muốn trở thành nhà lãnh đạo giỏi thì phải nghiên cứu, tìm hiểu.... | |
| 630 | 0 | 4 | |a Khoa học. |
| 630 | 0 | 4 | |a Quản trị nhân sự. |
| 630 | 0 | 4 | |a Lãnh đạo. |
| 650 | 0 | 4 | |a Khoa học lãnh đạo. |
| 700 | 1 | |a Tưởng Nguyệt Thần Đồng. | |
| OWN | |a DUT | ||
| 999 | |a From the UDN01 | ||
| TYP | |a Monograph | ||
| TYP | |a Printed language | ||
| 980 | |a Mạng thư viện Đại học Đà Nẵng | ||